LEGENDS IN CONSUMER BEHAVIOR (Record no. 26700)

MARC details
000 -LEADER
fixed length control field 00364nam a2200145Ia 4500
008 - FIXED-LENGTH DATA ELEMENTS--GENERAL INFORMATION
fixed length control field 240624s9999 xx 000 0 und d
041 ## - LANGUAGE CODE
Language code of text/sound track or separate title eng
082 ## - DEWEY DECIMAL CLASSIFICATION NUMBER
Classification number 658.8342 SHE
100 ## - MAIN ENTRY--PERSONAL NAME
Personal name HOLBROOK MORRIS B
245 ## - TITLE STATEMENT
Title LEGENDS IN CONSUMER BEHAVIOR
260 ## - PUBLICATION, DISTRIBUTION, ETC.
Date of publication, distribution, etc. 2015
Place of publication, distribution, etc. New Delhi
Name of publisher, distributor, etc. Sage India
300 ## - PHYSICAL DESCRIPTION
Extent lix, : 353 : p. : cm. ; 24
365 ## - TRADE PRICE
Currency code RS
Price amount 38
440 ## - SERIES STATEMENT/ADDED ENTRY--TITLE
Volume/sequential designation 5
Holdings
Withdrawn status Lost status Damaged status Not for loan Home library Current library Shelving location Date acquired Source of acquisition Cost, normal purchase price Full call number Barcode Date last seen Copy number Price effective from Koha item type
        IMTN IMTN Rack 37-B 02/23/2016 RW 37500.00 658.8342 SHE 26700 06/24/2024 1 06/24/2024 Books
Designed & Maintained by: LRC IMT Nagpur Contact: lrc@imtnag.ac.in© 2024. All Rights Reserved.